| 000 | 00461nam a2200181Ia 4500 | ||
|---|---|---|---|
| 001 | 24390 | ||
| 005 | 20260414151040.0 | ||
| 008 | 260414t2006||||xx |||||||||||||| ||spa|| | ||
| 041 | _aESP | ||
| 082 |
_a345.7 _bG84 T. 2 |
||
| 100 |
_aGuasp, Jaime _eAUT |
||
| 245 | 0 |
_aDerecho procesal civil : _bparte especial. Procesos declarativos y de ejecución |
|
| 260 | _c2006 | ||
| 300 |
_a _c24 cm. |
||
| 650 | _aDER | ||
| 654 | _aCDE | ||
| 942 |
_cLIB _dJUS _fJUS _2ddc _n |
||
| 999 |
_c24390 _d24390 |
||